000 00683cab a2200217 4500
001 WB3105-13
008 090401t1994 xxu||||| |||| 00| 0 eng d
035 _a(Sirsi) u19510
041 _aeng
245 _aCompensation payments agreed
260 _c1994
350 _a0
490 _aCLA Press Release
_v(PUB/2144) 16 January 1994 (1)
520 _aA new scale of compensation payable to farmers for disturbance caused by telecommunications equipment on farmland has been agreed by BT with the CLA and NFU.
650 _aCOMPENSATION
650 _aEASEMENTS
650 _aFARMLAND
690 _aHIGHWAYS RIGHTS OF WAY AND EASEMENTS
942 _n0
948 _c04/03/1997
999 _c13030
_d13030